000 00298nam a2200121Ia 4500
008 170620s9999 xx 000 0 und d
100 _aCARTER S J
245 0 _aDISPESING FOR PHARMACEUTICAL STRU
260 _bCBS- DELHI
260 _c2000
300 _a759
546 _aEnglish
690 _aDISPESING FOR PHARMACEUTICAL STRU
999 _c30956
_d30956